Quick Pick: Wendy's Menu Quiz Stats

 Plays Quiz Updated Mar 10, 2018

Challenge
Share
Tweet
Embed
Score 0/10 Timer 01:00
0 Plays Today
% Correct
Chocolate Frosty
90.8%
Baconator
85.6%
Dave's Triple
83.6%
Jr. Bacon Cheeseburger
82.3%
Caesar Side Salad
82.1%
Homestyle Asiago Ranch Chicken Club
81.4%
Chicken Nuggets
72.8%
Double Stack
69.4%
Premium Cod Fillet Sandwich
62.3%
Bacon Fondue Fries
41.7%

Today's Daily Dose

You're not logged in!

Compare scores with friends on all Sporcle quizzes.
OR
Log In

You Might Also Like...

Show Comments

Extras

Top Quizzes Today


Score Distribution

Your Account Isn't Verified!

In order to create a playlist on Sporcle, you need to verify the email address you used during registration. Go to your Sporcle Settings to finish the process.

Report this User

Report this user for behavior that violates our Community Guidelines.

Details: